<?xml version="1.0" encoding="UTF-8"?>
<collection xmlns="http://www.loc.gov/MARC21/slim">
 <record>
  <leader>03106cam a2200613  a4500</leader>
  <controlfield tag="001">1157247083</controlfield>
  <controlfield tag="003">DE-627</controlfield>
  <controlfield tag="005">20181113230242.0</controlfield>
  <controlfield tag="007">tu</controlfield>
  <controlfield tag="008">000922n19uuuuuuxxu|||||      00| ||eng c</controlfield>
  <datafield tag="010" ind1=" " ind2=" ">
   <subfield code="a">   99044327 </subfield>
  </datafield>
  <datafield tag="035" ind1=" " ind2=" ">
   <subfield code="a">(DE-627)1157247083</subfield>
  </datafield>
  <datafield tag="035" ind1=" " ind2=" ">
   <subfield code="a">(DE-576)087247089</subfield>
  </datafield>
  <datafield tag="035" ind1=" " ind2=" ">
   <subfield code="a">(DE-599)BSZ087247089</subfield>
  </datafield>
  <datafield tag="040" ind1=" " ind2=" ">
   <subfield code="a">DE-627</subfield>
   <subfield code="b">ger</subfield>
   <subfield code="c">DE-627</subfield>
   <subfield code="e">rakwb</subfield>
  </datafield>
  <datafield tag="041" ind1=" " ind2=" ">
   <subfield code="a">eng</subfield>
  </datafield>
  <datafield tag="044" ind1=" " ind2=" ">
   <subfield code="c">XD-US</subfield>
  </datafield>
  <datafield tag="050" ind1=" " ind2="0">
   <subfield code="a">NK9924.I8R34 1999</subfield>
  </datafield>
  <datafield tag="082" ind1="0" ind2=" ">
   <subfield code="a">749/.5/09456651</subfield>
  </datafield>
  <datafield tag="084" ind1=" " ind2=" ">
   <subfield code="a">9,10</subfield>
   <subfield code="2">ssgn</subfield>
  </datafield>
  <datafield tag="084" ind1=" " ind2=" ">
   <subfield code="a">LN 41114</subfield>
   <subfield code="2">rvk</subfield>
   <subfield code="0">(DE-625)rvk/102026:13315</subfield>
  </datafield>
  <datafield tag="084" ind1=" " ind2=" ">
   <subfield code="a">LN 41109</subfield>
   <subfield code="2">rvk</subfield>
   <subfield code="0">(DE-625)rvk/102026:13310</subfield>
  </datafield>
  <datafield tag="245" ind1="1" ind2="4">
   <subfield code="a">The Gubbio studiolo and its conservation</subfield>
   <subfield code="c">[published by The Metropolitan Museum of Art, New York]. Olga Raggio</subfield>
  </datafield>
  <datafield tag="264" ind1=" " ind2="1">
   <subfield code="a">New York</subfield>
   <subfield code="b">Metropolitan Museum of Art</subfield>
   <subfield code="c">19XX-</subfield>
  </datafield>
  <datafield tag="336" ind1=" " ind2=" ">
   <subfield code="a">Text</subfield>
   <subfield code="b">txt</subfield>
   <subfield code="2">rdacontent</subfield>
  </datafield>
  <datafield tag="337" ind1=" " ind2=" ">
   <subfield code="a">ohne Hilfsmittel zu benutzen</subfield>
   <subfield code="b">n</subfield>
   <subfield code="2">rdamedia</subfield>
  </datafield>
  <datafield tag="338" ind1=" " ind2=" ">
   <subfield code="a">Band</subfield>
   <subfield code="b">nc</subfield>
   <subfield code="2">rdacarrier</subfield>
  </datafield>
  <datafield tag="500" ind1=" " ind2=" ">
   <subfield code="a">Vol. 1 verf. von Olga Raggio, Vol. 2 verf. von Antoine M. Wilmering</subfield>
  </datafield>
  <datafield tag="600" ind1="1" ind2="0">
   <subfield code="a">Federico</subfield>
  </datafield>
  <datafield tag="610" ind1="2" ind2="0">
   <subfield code="a">Metropolitan Museum of Art New York, N.Y.</subfield>
  </datafield>
  <datafield tag="650" ind1=" " ind2="0">
   <subfield code="a">Marquetry, Renaissance</subfield>
   <subfield code="x">Italy</subfield>
   <subfield code="x">Gubbio</subfield>
  </datafield>
  <datafield tag="650" ind1=" " ind2="0">
   <subfield code="a">Marquetry</subfield>
   <subfield code="x">Italy</subfield>
   <subfield code="x">Gubbio</subfield>
  </datafield>
  <datafield tag="650" ind1=" " ind2="0">
   <subfield code="a">Studiolos</subfield>
   <subfield code="x">Italy</subfield>
   <subfield code="x">Gubbio</subfield>
  </datafield>
  <datafield tag="650" ind1=" " ind2="0">
   <subfield code="a">Optical illusions in art</subfield>
  </datafield>
  <datafield tag="650" ind1=" " ind2="0">
   <subfield code="a">Gubbio Studiolo Palazzo ducale Gubbio, Italy</subfield>
  </datafield>
  <datafield tag="650" ind1=" " ind2="0">
   <subfield code="a">Marquetry</subfield>
   <subfield code="x">New York State</subfield>
   <subfield code="x">New York</subfield>
  </datafield>
  <datafield tag="650" ind1=" " ind2="0">
   <subfield code="a">Studiolos</subfield>
   <subfield code="x">New York State</subfield>
   <subfield code="x">New York</subfield>
  </datafield>
  <datafield tag="689" ind1="0" ind2="0">
   <subfield code="d">g</subfield>
   <subfield code="0">(DE-588)4443410-8</subfield>
   <subfield code="0">(DE-627)225129493</subfield>
   <subfield code="0">(DE-576)212494511</subfield>
   <subfield code="a">Palazzo Ducale</subfield>
   <subfield code="g">Gubbio</subfield>
   <subfield code="2">gnd</subfield>
  </datafield>
  <datafield tag="689" ind1="0" ind2="1">
   <subfield code="d">s</subfield>
   <subfield code="0">(DE-588)4183845-2</subfield>
   <subfield code="0">(DE-627)104668369</subfield>
   <subfield code="0">(DE-576)21002156X</subfield>
   <subfield code="a">Studiolo</subfield>
   <subfield code="2">gnd</subfield>
  </datafield>
  <datafield tag="689" ind1="0" ind2="2">
   <subfield code="d">s</subfield>
   <subfield code="0">(DE-588)4114279-2</subfield>
   <subfield code="0">(DE-627)10582335X</subfield>
   <subfield code="0">(DE-576)209483318</subfield>
   <subfield code="a">Konservierung</subfield>
   <subfield code="2">gnd</subfield>
  </datafield>
  <datafield tag="689" ind1="0" ind2=" ">
   <subfield code="5">(DE-627)</subfield>
  </datafield>
  <datafield tag="700" ind1="1" ind2=" ">
   <subfield code="a">Raggio, Olga</subfield>
   <subfield code="4">oth</subfield>
  </datafield>
  <datafield tag="700" ind1="1" ind2=" ">
   <subfield code="a">Wilmering, Antoine M.</subfield>
   <subfield code="4">oth</subfield>
  </datafield>
  <datafield tag="710" ind1="2" ind2=" ">
   <subfield code="a">Metropolitan Museum of Art</subfield>
   <subfield code="0">(DE-588)1008914-7</subfield>
   <subfield code="0">(DE-627)103135979</subfield>
   <subfield code="0">(DE-576)191180270</subfield>
   <subfield code="4">oth</subfield>
  </datafield>
  <datafield tag="787" ind1="0" ind2="8">
   <subfield code="i">Rezension</subfield>
   <subfield code="a">Herzner-Kmentt, Irmlind Luise</subfield>
   <subfield code="t">[Rezension von: Olga Raggio &amp; Antoine M. Wilmering, The Gubbio studiolo and its conservation]</subfield>
   <subfield code="d">2001</subfield>
   <subfield code="w">(DE-627)1540347850</subfield>
   <subfield code="w">(DE-576)470347856</subfield>
  </datafield>
  <datafield tag="889" ind1=" " ind2=" ">
   <subfield code="w">(DE-576)491519567</subfield>
  </datafield>
  <datafield tag="936" ind1="r" ind2="v">
   <subfield code="a">LN 41114</subfield>
   <subfield code="b">Burgen und Schlösser; herrschaftliche Stadthäuser (Residenzen, palazzi, hôtels u. dgl.), Villen in Stadtnähe</subfield>
   <subfield code="k">Kunstgeschichte</subfield>
   <subfield code="k">Kunst nach Ländern bzw. Kontinenten</subfield>
   <subfield code="k">Italien</subfield>
   <subfield code="k">Kunsttopografie Italiens</subfield>
   <subfield code="k">Alphabetische Liste der italienischen Orte</subfield>
   <subfield code="k">Orte G</subfield>
   <subfield code="k">Gubbio</subfield>
   <subfield code="k">Burgen und Schlösser; herrschaftliche Stadthäuser (Residenzen, palazzi, hôtels u. dgl.), Villen in Stadtnähe</subfield>
   <subfield code="0">(DE-627)1272162842</subfield>
   <subfield code="0">(DE-625)rvk/102026:13315</subfield>
   <subfield code="0">(DE-576)202162842</subfield>
  </datafield>
  <datafield tag="936" ind1="r" ind2="v">
   <subfield code="a">LN 41109</subfield>
   <subfield code="b">Skulptur (Plastik)</subfield>
   <subfield code="k">Kunstgeschichte</subfield>
   <subfield code="k">Kunst nach Ländern bzw. Kontinenten</subfield>
   <subfield code="k">Italien</subfield>
   <subfield code="k">Kunsttopografie Italiens</subfield>
   <subfield code="k">Alphabetische Liste der italienischen Orte</subfield>
   <subfield code="k">Orte G</subfield>
   <subfield code="k">Gubbio</subfield>
   <subfield code="k">Kunstgeschichte</subfield>
   <subfield code="k">Skulptur (Plastik)</subfield>
   <subfield code="0">(DE-627)1274847907</subfield>
   <subfield code="0">(DE-625)rvk/102026:13310</subfield>
   <subfield code="0">(DE-576)204847907</subfield>
  </datafield>
  <datafield tag="951" ind1=" " ind2=" ">
   <subfield code="a">MC</subfield>
  </datafield>
  <datafield tag="990" ind1=" " ind2=" ">
   <subfield code="a">Palazzo Ducale</subfield>
  </datafield>
  <datafield tag="990" ind1=" " ind2=" ">
   <subfield code="a">Studiolo</subfield>
  </datafield>
  <datafield tag="990" ind1=" " ind2=" ">
   <subfield code="a">Konservierung</subfield>
  </datafield>
  <datafield tag="991" ind1=" " ind2=" ">
   <subfield code="a">Rezensiertes Werk</subfield>
  </datafield>
  <datafield tag="999" ind1=" " ind2=" ">
   <subfield code="a">KXP-PPN1157247083</subfield>
   <subfield code="e">4073776231</subfield>
  </datafield>
 </record>
</collection>
